00690nam a2200169 a 4500008004100000050001500041100002700056245005800083246002800141260005700169300002000226350000900246700002200255995009500277999001700372952013100389120416s1977 ||||||||||||||||| || u aHT 123 Cha aChapin, Francis Stuart10aUrban growth dynamics in a regional cluster of cities aed. by F. Stuart Chapin aHuntington, N.Y.bRobert E. Krieger Publishingc1977 ax, 484p. : ill. a0.00 aKrieger, Robert E D0.00FCBU-MAIN LIBRARY (Kitwe)H1I0.00M1UAVAILABLEZMain Library Open Access Collection c61015d61015 00102lcc4070a001b001cMain Library Open Access Collectiond2022-11-30l0oHT 123 Chap008608r2022-11-30w2022-11-30y002